| 000 | 00863cam a22001934a 4500 | ||
|---|---|---|---|
| 005 | 20250605163936.0 | ||
| 008 | 250528s ||||||||||||||||||||||||d | ||
| 035 | _a14868 | ||
| 020 | _a300040075 | ||
| 040 |
_aGR-AtMCL _bgre _dGR-AtMCL _eAACR2 |
||
| 245 | 1 | _aRitual, Politics, and Power | |
| 260 |
_bYale University Press, _c1988 |
||
| 300 | _a242 | ||
| 520 | _aAn important book that makes a valuable contribution to the study of politics and of culture. Preface, The Power of Rites, Flaming Crosses and Body Snatchers, Legitimany and Mystification, The Virtues of Ambiguity, The Ritual Construction of Political Reality, Rite Makes Might: Struggling for Power through Ritual, Conflict and Crisis, Rituals of Revolution, The Rites of Power, Notes, References, Index. | ||
| 700 | 1 |
_aKertzer David I _9646 |
|
| 942 | _cBK | ||
| 999 |
_c479 _d479 |
||